Úvod do podnikania a manažmentu

Salvato in:
Dettagli Bibliografici
Autore principale: Papulová, Emília
Altri autori: Papula, Ján, Papulová, Zuzana
Natura: Libro
Lingua:slovacco
Pubblicazione: Bratislava KARTPRINT 2006
Soggetti:
Tags: Aggiungi Tag
Nessun Tag, puoi essere il primo ad aggiungerne!!

MARC

LEADER 00000nam$a2200000$$$4500
001 0054816
005 20240502071629.4
020 |a 80-88870-59-3 
041 0 |a slo 
044 |a SK 
245 1 0 |a Úvod do podnikania a manažmentu  |c Emília Papulová a kolektív 
264 1 |a Bratislava  |b KARTPRINT  |c 2006 
300 |a 248 s. 
610 2 0 |a podnikanie 
610 2 0 |a podnik 
610 2 0 |a manažment 
610 2 0 |a hospodárstvo podnikové 
610 2 0 |a riadenie ľudských zdrojov 
100 1 |a Papulová, Emília 
700 1 |a Papula, Ján 
700 1 |a Papulová, Zuzana